<?xml version="1.0" encoding="UTF-8"?>
<record
    xmlns:xsi="http://www.w3.org/2001/XMLSchema-instance"
    xsi:schemaLocation="http://www.loc.gov/MARC21/slim http://www.loc.gov/standards/marcxml/schema/MARC21slim.xsd"
    xmlns="http://www.loc.gov/MARC21/slim">

  <leader>00617nam a2200145Ia 4500</leader>
  <controlfield tag="008">100122s9999    xx            000 0 und d</controlfield>
  <datafield tag="082" ind1=" " ind2=" ">
    <subfield code="b">10989</subfield>
    <subfield code="a">926.1</subfield>
  </datafield>
  <datafield tag="100" ind1=" " ind2=" ">
    <subfield code="a">&#x92D;&#x93E;&#x91F;&#x935;&#x921;&#x947;&#x915;&#x930; &#x917;&#x93E; &#x917;&#x94B;</subfield>
  </datafield>
  <datafield tag="245" ind1=" " ind2=" ">
    <subfield code="a">&#x921;&#x949;.&#x938;&#x930; &#x92D;&#x93E;&#x932;&#x91A;&#x902;&#x926;&#x94D;&#x930; &#x915;&#x943;&#x937;&#x94D;&#x923; &#x92D;&#x93E;&#x91F;&#x935;&#x921;&#x947;&#x915;&#x930;</subfield>
  </datafield>
  <datafield tag="260" ind1=" " ind2=" ">
    <subfield code="b">&#x92E;&#x94B;&#x930;&#x947;&#x936;&#x94D;&#x935;&#x930; &#x92D;&#x93E;&#x932;&#x91A;&#x902;&#x926;&#x930; &#x92D;&#x93E;&#x91F;&#x935;&#x921;&#x947;&#x915;&#x930;</subfield>
    <subfield code="c">1937</subfield>
  </datafield>
  <datafield tag="300" ind1=" " ind2=" ">
    <subfield code="a">314</subfield>
  </datafield>
  <datafield tag="630" ind1=" " ind2=" ">
    <subfield code="a">&#x921;&#x949;.&#x938;&#x930; &#x92D;&#x93E;&#x932;&#x91A;&#x902;&#x926;&#x94D;&#x930; &#x915;&#x943;&#x937;&#x94D;&#x923; &#x92D;&#x93E;&#x91F;&#x935;&#x921;&#x947;&#x915;&#x930;</subfield>
  </datafield>
  <datafield tag="730" ind1=" " ind2=" ">
    <subfield code="a">&#x921;&#x949;.&#x938;&#x930; &#x92D;&#x93E;&#x932;&#x91A;&#x902;&#x926;&#x94D;&#x930; &#x915;&#x943;&#x937;&#x94D;&#x923; &#x92D;&#x93E;&#x91F;&#x935;&#x921;&#x947;&#x915;&#x930;</subfield>
  </datafield>
  <datafield tag="942" ind1=" " ind2=" ">
    <subfield code="c">BOOK</subfield>
  </datafield>
  <datafield tag="999" ind1=" " ind2=" ">
    <subfield code="c">402437</subfield>
    <subfield code="d">402434</subfield>
  </datafield>
</record>
